Zdroje financovania malého a stredného podniku a podpora podnikateľskej činnosti ako nevyhnutný nástroj budovania konkurencieschopnosti

Saved in:
Bibliographic Details
Main Author: Pavlík, Adrián
Format: Book Chapter
Language:Slovak
Tags: Add Tag
No Tags, Be the first to tag this record!

MARC

LEADER 00000naa$a2200000$$$4500
001 0064459
005 20240502071745.0
041 0 |a slo 
044 |a SK 
245 1 0 |a Zdroje financovania malého a stredného podniku a podpora podnikateľskej činnosti ako nevyhnutný nástroj budovania konkurencieschopnosti  |c Adrián Pavlík 
100 1 |a Pavlík, Adrián